Religion Quiz

Random Religion or Book Quiz

Book of Mormon Quiz Stats

 Plays Quiz Updated Feb 26, 2020

Support Sporcle.
Go Orange.
Score 0/15 Timer 04:00
0 Plays Today
Order Book % Correct
13thMormon
84%
1st1st Nephi
83.4%
2nd2nd Nephi
82.9%
15thMoroni
82.9%
11th3rd Nephi
79.3%
9thAlma
77.2%
3rdJacob
76.1%
12th4th Nephi
75.9%
Order Book % Correct
6thOmni
69.7%
8thMosiah
69.3%
14thEther
68.3%
4thEnos
68.1%
10thHelaman
68%
7thWords of Mormon
65.4%
5thJarom
63.3%

From the Vault

MLB Most Hits with 2011 Team

by JayHallahan

Sports 5m
Sounds like these guys have had plenty of time to get to know their opponent's infield.
Remove Ads.
Support Sporcle.
Get the best of Sporcle when you Go Orange. This ad-free experience offers more features, more stats, and more fun while also helping to support Sporcle. Thank you for becoming a member.

Show Comments

Extras

Top Quizzes Today


Score Distribution

Your Account Isn't Verified!

In order to create a playlist on Sporcle, you need to verify the email address you used during registration. Go to your Sporcle Settings to finish the process.

Report this User

Report this user for behavior that violates our Community Guidelines.

Details: